| 000 | 00740nam a2200205 i 4500 | ||
|---|---|---|---|
| 001 | 131402 | ||
| 003 | ES-MaACL | ||
| 005 | 20231226202707.0 | ||
| 007 | t| | ||
| 008 | 070214s1951 sp r ||||1| spa d | ||
| 100 | 1 |
_aRoca Franquesa, José María. _997993 |
|
| 245 | 1 | 0 |
_aPalacio Valdés _b: técnicas novelísticas y credo estético / _cpor José María Roca Franquesa. |
| 260 |
_aOviedo : _b[s. n.], _c1951 ( _fGráf. Summa) |
||
| 300 |
_a179 p. ; _c20 cm. |
||
| 500 | _aPrecede al tít.: Diputación de Asturias. Instituto de Estudios Asturianos. | ||
| 600 | 1 | 4 |
_aPalacio Valdés, Armando, _d1853-1938 _988382 |
| 710 | 2 |
_aInstituto de Estudios Asturianos. _94889 |
|
| 852 |
_aES-MaACL _jC-16116 _bR.43623 |
||
| 999 |
_c131402 _d131402 |
||